<?xml version="1.0" encoding="UTF-8"?>
<record
    xmlns:xsi="http://www.w3.org/2001/XMLSchema-instance"
    xsi:schemaLocation="http://www.loc.gov/MARC21/slim http://www.loc.gov/standards/marcxml/schema/MARC21slim.xsd"
    xmlns="http://www.loc.gov/MARC21/slim">

  <leader>02472    a2200253   4500</leader>
  <controlfield tag="001">44887</controlfield>
  <controlfield tag="005">20260407155723.0</controlfield>
  <controlfield tag="008">260407a2011    arg                 spa d</controlfield>
  <controlfield tag="003">AR-UNSa-BCEJYS</controlfield>
  <datafield tag="040" ind1=" " ind2=" ">
    <subfield code="a">AR-UNSa-BCEJYS</subfield>
    <subfield code="b">spa</subfield>
    <subfield code="c">AR-UNSa-BCEJYS</subfield>
  </datafield>
  <datafield tag="080" ind1=" " ind2=" ">
    <subfield code="a">331.1</subfield>
    <subfield code="x">Teor&#xED;a y organizaci&#xF3;n del trabajo. Relaciones entre empresas y trabajadores</subfield>
  </datafield>
  <datafield tag="245" ind1="1" ind2="0">
    <subfield code="a">Multinacionales en la Argentina</subfield>
    <subfield code="p">estrategias de empleo, relaciones laborales y cadenas globales de valor</subfield>
  </datafield>
  <datafield tag="020" ind1=" " ind2=" ">
    <subfield code="a">978-987-1560-35-6</subfield>
  </datafield>
  <datafield tag="264" ind1=" " ind2="1">
    <subfield code="a">Buenos Aires :</subfield>
    <subfield code="b">PNUD</subfield>
    <subfield code="c">2011</subfield>
  </datafield>
  <datafield tag="300" ind1=" " ind2=" ">
    <subfield code="a">326 p.</subfield>
    <subfield code="c">23 cm.</subfield>
  </datafield>
  <datafield tag="505" ind1=" " ind2=" ">
    <subfield code="a">1.	Impactos de la inversi&#xF3;n extranjera directa en la econom&#xED;a Argentina desde los a&#xF1;os noventa. Consolidaci&#xF3;n y cambios en la especializaci&#xF3;n productiva / Cecilia Fern&#xE1;ndez Bugna; Fernando Porta &#x2013; 2. L a evoluci&#xF3;n del empleo en las empresas multinacionales en la Argentina. Desarmando mitos a trav&#xE9;s de nuevas evidencias / Sof&#xED;a Rojo Brizuela; Lucia Tumini y Gabriel Yoguel &#x2013; 3. Estrategias de las filiales de multinacionales en la Argentina: Cadena de valor y autonom&#xED;a / Marcelo Dinenzon; Ver&#xF3;nica Robert; Gabriel Yoguel &#x2013; 4. Las filiales de la Argentina y M&#xE9;xico en la Cadena Global de Valor / Jorge Carrillo; Marta Novick; Redi Gomis; Mar&#xED;a Silvana Guerrera y H&#xE9;ctor Palomino &#x2013; 5. La adaptaci&#xF3;n de las firmas multinacionales al sistema de relaciones laborales. La autonom&#xED;a de las filiales  Argentinas y la presencia sindical en los lugares de trabajo / H&#xE9;ctor Palomino; Mar&#xED;a Silvana  Guerrera &#x2013; 6. Empresas multinacionales y doble institucionalidad: Los impactos del origen del capital en las filiales Argentinas / Cecilia Sen&#xE9;n Gonz&#xE1;lez; David Trajtemberg; B&#xE1;rbara Medwid &#x2013; 7. La gesti&#xF3;n de la fuerza de trabajo en las filiales Argentinas de empresas multinacionales / Marcelo Defini; Anal&#xED;a Erbes &#x2013;  8. Estrategias gerenciales de las filiales Argentinas hacia los empleados y sus representantes / Marcelo Delfini; Anal&#xED;a Erbes; Mar&#xED;a Silvana Guerrera &#x2013; 9. Capacidades de absorci&#xF3;n y conectividad, relaciones laborales y din&#xE1;mica del empleo en las filiales Argentinas / Anal&#xED;a Erbes; Ver&#xF3;nica Robert; Sof&#xED;a Rojo Brizuela; Gabriel Yoguel  </subfield>
  </datafield>
  <datafield tag="041" ind1=" " ind2=" ">
    <subfield code="a">spa</subfield>
  </datafield>
  <datafield tag="942" ind1=" " ind2=" ">
    <subfield code="c">BK</subfield>
  </datafield>
  <datafield tag="590" ind1=" " ind2=" ">
    <subfield code="a">niveau_biblio:m niveau_hierar:0</subfield>
  </datafield>
  <datafield tag="100" ind1="1" ind2=" ">
    <subfield code="a">Palomino, H&#xE9;ctor</subfield>
  </datafield>
  <datafield tag="700" ind1="1" ind2=" ">
    <subfield code="a">Novick, Marta</subfield>
  </datafield>
  <datafield tag="700" ind1="1" ind2=" ">
    <subfield code="a">Gurrera, Mar&#xED;a Silvana</subfield>
  </datafield>
  <datafield tag="856" ind1="4" ind2="1">
    <subfield code="u">https://www.biblioeco.unsa.edu.ar/pmb/images/libros/L127018.jpg</subfield>
    <subfield code="y">Imagen de portada</subfield>
    <subfield code="q">image/jpeg</subfield>
  </datafield>
  <datafield tag="999" ind1=" " ind2=" ">
    <subfield code="c">3836</subfield>
    <subfield code="d">3836</subfield>
  </datafield>
  <datafield tag="952" ind1=" " ind2=" ">
    <subfield code="0">0</subfield>
    <subfield code="1">0</subfield>
    <subfield code="4">0</subfield>
    <subfield code="7">0</subfield>
    <subfield code="a">BCEJYS</subfield>
    <subfield code="b">BCEJYS</subfield>
    <subfield code="c">16</subfield>
    <subfield code="d">2026-04-07</subfield>
    <subfield code="l">0</subfield>
    <subfield code="o">331.1 N943</subfield>
    <subfield code="p">L127018</subfield>
    <subfield code="r">2026-04-07 15:57:23</subfield>
    <subfield code="w">2026-04-07</subfield>
    <subfield code="y">L</subfield>
  </datafield>
</record>
